000 00321nam a2200133Ia 4500
005 20250603145246.0
008 250603s9999 xx 000 0 und d
050 _aKP 35 .C84/
100 _aMr Eyo o. Ekpo
245 0 _aLaws of Cross Rivers States
260 _bLexixNexis Buther worths
260 _c2004
942 _cBK
999 _c41336
_d41336